[Event "Paris op"]
[Site "Paris"]
[Date "1996.??.??"]
[Round "7"]
[White "Moracchini, Fabrice"]
[Black "Verat, Laurent"]
[Result "1/2-1/2"]
[WhiteElo "2310"]
[BlackElo "2300"]

1.c4 Nf6 2.Nf3 e6 3.d4 d5 4.g3 Be7 5.Bg2 O-O 6.O-O dxc4 7.Ne5 c5 8.dxc5 Qc7
9.Nxc4 Qxc5 10.b3 Rd8 11.Qe1 Nc6 12.Ba3 Nb4 13.Nc3 Nfd5 14.Rc1 Nxc3 15.Qxc3 Qb5
16.Rfd1 Bd7 17.Qe5 Qxe5 18.Nxe5 Bb5 19.Bf3  1/2-1/2

[Event "Parnu-B"]
[Site "Parnu"]
[Date "1996.??.??"]
[Round "1"]
[White "Veingold, Aleksandr"]
[Black "Epishin, Vladimir"]
[Result "1/2-1/2"]
[WhiteElo "2425"]
[BlackElo "2645"]

1.d4 Nf6 2.Nf3 e6 3.g3 d5 4.Bg2 Be7 5.c4 O-O 6.O-O dxc4 7.Qc2 a6 8.a4 Bd7
9.Qxc4 Bc6 10.Bg5 a5 11.Nc3 Na6 12.Rfd1 Nb4 13.Rac1 Nd7 14.Bxe7  1/2-1/2

[Event "Parnu-C"]
[Site "Parnu"]
[Date "1996.??.??"]
[Round "4"]
[White "Eidelson, Rakhil"]
[Black "Tsiganova, Monika"]
[Result "0-1"]
[WhiteElo "2370"]
[BlackElo "2280"]

1.d4 Nf6 2.c4 e6 3.g3 d5 4.Nf3 Be7 5.Bg2 O-O 6.O-O dxc4 7.Qc2 a6 8.a4 Bd7
9.Nbd2 Bc6 10.Nxc4 Be4 11.Qd1 Nc6 12.Ncd2 Bg6 13.Ne5 Qxd4 14.Nxg6 hxg6 15.Qc2 Qc5
16.Qxc5 Bxc5 17.Nb3 Bd6 18.Bd2 Rfd8 19.Rac1 Rab8 20.Bg5 Be5 21.Nc5 Bd4 22.Rfe1 Rd6
23.b3 Nd5 24.Ne4 Rd7 25.Nc5 Bxc5 26.Rxc5 Nd4 27.Rc4 Nxb3 28.Rb1 Nb6 29.Rc3 Nd4
30.Ra3 Nxe2+ 31.Kf1 Nd4 32.Bf4 Nd5 33.Be5 Nc6 34.Ba1 a5 35.Rd3 Ncb4 36.Rd2 Rbd8
37.Re2 c6 38.h4 Nb6 39.Bc3 Nxa4 40.Bxb4 axb4 41.Rxb4 Nc3 42.Re1 Nd5 43.Rbe4 c5
44.Rc4 b6 45.Rb1 Nb4  0-1

[Event "JUG-ch Podgorica"]
[Site "Podgorica"]
[Date "1996.??.??"]
[Round "1"]
[White "Ilincic, Zlatko"]
[Black "Maksimovic, Branimir"]
[Result "1-0"]
[WhiteElo "2555"]
[BlackElo "2375"]

1.d4 e6 2.c4 Nf6 3.Nf3 d5 4.g3 Be7 5.Bg2 O-O 6.O-O Nbd7 7.Qc2 c6 8.b3 b6
9.Rd1 Bb7 10.Nc3 Qc8 11.Bb2 Ba6 12.Nd2 b5 13.e4 bxc4 14.bxc4 dxc4 15.Na4 Bb5
16.Bc3 Nb6 17.Nc5 e5 18.a4 exd4 19.Bxd4 Rd8 20.Bxf6 gxf6 21.axb5 Bxc5 22.bxc6 Bd4
23.Rac1 Qxc6 24.e5 Qc5 25.Bxa8 Rxa8 26.Qf5 fxe5 27.Ne4 Qc6 28.Nf6+ Kf8 29.Qg5 Qe6
30.Nxh7+ Ke8 31.Nf6+ Ke7 32.Nd5+ Kd6 33.Ne3 Kc5 34.Nf5 Nd5 35.Nxd4 exd4 36.Qd2 Nb6
37.Qxd4+ Kc6 38.Re1 Qd6 39.Rxc4+ Nxc4 40.Qxc4+ Qc5 41.Qxf7 Rf8 42.Re6+ Kb5
43.Qb7+  1-0

[Event "CRO-Cup"]
[Site "Pula"]
[Date "1996.??.??"]
[Round "?"]
[White "Horvath, Csaba"]
[Black "Almasi, Zoltan"]
[Result "1/2-1/2"]
[WhiteElo "2540"]
[BlackElo "2650"]

1.d4 Nf6 2.c4 e6 3.g3 d5 4.Bg2 Be7 5.Nf3 O-O 6.O-O c6 7.Qc2 Nbd7 8.b3 b6
9.Rd1 Ba6 10.Bb2 Rc8 11.Nbd2 c5 12.Rac1 b5 13.Qb1 bxc4 14.bxc4 dxc4 15.Nxc4 cxd4
16.Rxd4 Bc5 17.Rh4 h6 18.e3 Be7 19.Rd4 Nd5 20.Nfe5 Bf6 21.Rdd1 Nxe5 22.Nxe5 Rxc1
23.Qxc1 Qb8 24.Qa1 Rc8  1/2-1/2

[Event "Reggio Emilia9596"]
[Site "Reggio Emilia"]
[Date "1996.??.??"]
[Round "8"]
[White "Epishin, Vladimir"]
[Black "Belotti, Bruno"]
[Result "1-0"]
[WhiteElo "2645"]
[BlackElo "2390"]

1.d4 Nf6 2.Nf3 e6 3.c4 d5 4.g3 Be7 5.Bg2 O-O 6.Qc2 Nbd7 7.O-O c6 8.Rd1 b6
9.b3 Bb7 10.Nc3 Rc8 11.e4 dxe4 12.Nxe4 c5 13.Nxf6+ Bxf6 14.Ng5 Bxg5 15.Bxb7 Rc7
16.Be4 f5 17.Bg2 cxd4 18.Bxg5 Qxg5 19.Rxd4 e5 20.Rd5 Qe7 21.Re1 g6 22.Qd2 Kg7
23.Qc3 Kh6 24.a4 Rf7 25.a5 Rc5 26.Rxc5 Qxc5 27.b4 Qd6 28.Bd5 Re7 29.Rd1 e4
30.c5 bxc5 31.b5 f4 32.gxf4 Nf6 33.Bb3 Qxf4 34.Qe3 g5 35.b6 axb6 36.axb6 Qe5
37.Bc4 Kg7 38.h3 h6 39.Rb1 Rb7 40.Ba6 Rb8 41.b7 Qd6 42.Bf1 Qd5 43.Ba6 Qa2
44.Rb6 Qa1+ 45.Bf1 Qe5 46.Qa3 Nd7 47.Rb1 Rf8 48.Bg2 c4 49.Qe3 Nf6 50.b8=Q  1-0

[Event "EU-ch U14"]
[Site "Rimavska Sobota"]
[Date "1996.??.??"]
[Round "3"]
[White "Sebenik, Matej"]
[Black "Geanta, Horia"]
[Result "0-1"]
[WhiteElo "2125"]
[BlackElo "2220"]

1.d4 d5 2.c4 e6 3.Nf3 Nf6 4.g3 Be7 5.Bg2 O-O 6.O-O Nbd7 7.Qc2 c6 8.b3 b6
9.Nbd2 Bb7 10.Bb2 Rc8 11.e4 c5 12.e5 Ne8 13.Qb1 Nc7 14.Rd1 a6 15.Ne1 b5 16.f4 bxc4
17.bxc4 Rb8 18.Qc2 dxc4 19.Nxc4 Bxg2 20.Nxg2 Nd5 21.Nge3 N7b6 22.Nxd5 Nxd5
23.dxc5 Bxc5+ 24.Bd4 Qe7 25.Qf2 Bxd4 26.Qxd4 Rb4 27.a3 Rb3 28.Nd6 Rfb8 29.Rdc1 h5
30.f5 Qg5 31.fxe6 fxe6 32.Ne4 Qg4 33.Rd1 Ne3 34.Rd2 Rb1+ 35.Kf2 Rxa1 36.Kxe3 Re1+
37.Kd3 Qf3+  0-1

[Event "EU-ch U18 Girls"]
[Site "Rimavska Sobota"]
[Date "1996.??.??"]
[Round "6"]
[White "Kononenko, Tatiana"]
[Black "Stankovic, Tomislav"]
[Result "1-0"]
[WhiteElo "2275"]
[BlackElo "2260"]

1.d4 d5 2.Nf3 Nf6 3.c4 e6 4.g3 Be7 5.Bg2 O-O 6.O-O Nbd7 7.Qc2 b6 8.Nc3 Bb7
9.cxd5 Nxd5 10.Nxd5 Bxd5 11.e4 Bb7 12.Be3 Nf6 13.Ne5 Rc8 14.Nc6 Bxc6 15.Qxc6 Qd7
16.Rac1 Rfd8 17.h3 h6 18.Rc4 a5 19.a4 Bb4 20.Rfc1 Qe7 21.Qb7 Ne8 22.e5 f6
23.f4 fxe5 24.fxe5 Qf7 25.g4 Rb8 26.Qe4 b5 27.axb5 Rxb5 28.Rf1 Qe7 29.Qg6 c5
30.Be4  1-0

[Event "EU-ch U16"]
[Site "Rimavska Sobota"]
[Date "1996.??.??"]
[Round "7"]
[White "Haznedaroglu, Kivanc"]
[Black "Ginzburg, Mikhail"]
[Result "1-0"]
[WhiteElo "2095"]
[BlackElo "2150"]

1.d4 Nf6 2.c4 e6 3.Nf3 Be7 4.g3 d5 5.Bg2 O-O 6.O-O c6 7.Nc3 Nbd7 8.Qc2 a6
9.a4 b6 10.Rd1 Bb7 11.Nd2 Rc8 12.e4 dxc4 13.Nxc4 b5 14.Ne3 Qb6 15.a5 Qc7
16.f4 Bb4 17.Qe2 Bxa5 18.e5 Ne8 19.Qg4 Bb6 20.Kh1 Kh8 21.Qh4 Qd8 22.Qh3 Qe7
23.g4 Rg8 24.Be4 Nf8 25.Ne2 Rd8 26.Qf3 Qd7 27.b3 Nc7 28.Ba3 Nd5 29.Nxd5 cxd5
30.Bd3 a5 31.Bd6 f5 32.Rg1 fxg4 33.Rxg4 g6 34.Rag1 Bc7 35.Bxc7 Qxc7 36.f5 exf5
37.Bxf5 Bc8 38.Bxc8 Qxc8 39.Qf6+ Rg7 40.Nf4 Re8 41.Nh5 Ne6 42.Nxg7 Nxg7 43.Rf1 Rg8
44.Rh4 Qc2 45.e6 Qe2 46.e7 g5 47.Rh3 a4 48.bxa4 bxa4 49.Rg3 g4 50.Rg2 Qe6
51.Qxe6 Nxe6 52.Re2 Nc7 53.Rf8 Ne8 54.Ref2  1-0

[Event "Schwaebisch Gmund op"]
[Site "Schwaebisch Gmund"]
[Date "1996.??.??"]
[Round "9"]
[White "Fochtler, Ekkehard"]
[Black "Braun, Peter"]
[Result "1/2-1/2"]
[WhiteElo "2220"]
[BlackElo "2185"]

1.d4 Nf6 2.c4 e6 3.g3 d5 4.Bg2 Be7 5.Nf3 O-O 6.Qc2 dxc4 7.Qxc4 a6 8.Qc2 Nc6
9.O-O Bd7 10.a3 Rb8 11.Nc3 b5 12.b4 a5 13.bxa5 Nxa5 14.Ne5 Be8 15.Rd1 Nd5
16.Ne4 b4 17.axb4 Nxb4 18.Qc3 Nac6 19.Bf4 Nd5 20.Qc4 Nxe5 21.dxe5 Qc8 22.Bg5 Bb5
23.Qc2 Qd8 24.h4 h6 25.Bxe7 Qxe7 26.Ra7 Qb4 27.e3 Rb6 28.Rb1 Qc4 29.Qxc4 Bxc4
30.Rxb6 cxb6 31.Nd6 b5 32.Rb7 Nc3 33.Bc6 Ra8 34.Nxb5 Ra1+ 35.Kh2 Nxb5 36.Bxb5 Bd5
37.Rb8+ Kh7 38.Bd3+ g6 39.e4 Bc6 40.Rc8 Ba4 41.Ra8 Ra2 42.Bc4 Rxf2+ 43.Kg1 Bc6
44.Ra6 Rf3 45.Rxc6 Rxg3+ 46.Kf2 Rg4 47.Rc7 Kg8 48.h5 gxh5 49.Kf3 Rg1 50.Be2 h4
51.Kf2 Rg5 52.Rc1 Rxe5 53.Bd3 f5 54.exf5 exf5 55.Rh1 Kg7 56.Rxh4 Ra5 57.Ke3 Kg6
58.Rg4+ Kf6 59.Rd4 Kg5 60.Kf3 Rc5 61.Rd8 Ra5 62.Rg8+ Kf6 63.Rf8+  1/2-1/2

[Event "EU-ch U20"]
[Site "Siofok"]
[Date "1996.??.??"]
[Round "9"]
[White "Mchedlishvili, Mikheil"]
[Black "Proehl, Holger"]
[Result "0-1"]
[WhiteElo "2370"]
[BlackElo "2400"]

1.d4 d5 2.c4 e6 3.Nf3 Nf6 4.g3 Be7 5.Bg2 O-O 6.O-O a6 7.Nbd2 c5 8.dxc5 Bxc5
9.cxd5 exd5 10.Nb3 Ba7 11.Nbd4 Nc6 12.b3 Re8 13.Bb2 Qd6 14.e3 Bg4 15.Rc1 Ne4
16.Re1 Ne5 17.h3 Bxd4 18.Bxd4 Nxf3+ 19.Bxf3 Bxh3 20.Bxe4 Rxe4 21.Qh5 Bg4
22.Qh1 Bf5 23.Kg2 Rg4 24.Qh2 Qa3 25.f3 Qxa2+ 26.Kg1 Qxh2+ 27.Kxh2 Rg6 28.Rc7 Rc6
29.Rxc6 bxc6 30.Ra1 a5 31.g4 Bd3 32.Bc3 Bc2 33.Ra3 f6 34.Bd4 a4 35.bxa4 Rxa4
36.Rc3 Ra2 37.Kg3 Ba4 38.e4 dxe4 39.fxe4 Bb5 40.Re3 Rd2 41.Bc3 Rd3 42.Kf3 Kf7
43.e5 fxe5 44.Rxd3 Bxd3 45.Bxe5 g5 46.Bd4 Kg6 47.Kg3 Be2 48.Bc5 h5 49.gxh5+ Bxh5
50.Bb4 Kf5 51.Be7 Bd1  0-1

[Event "Rudenko mem"]
[Site "St Petersburg"]
[Date "1996.??.??"]
[Round "6"]
[White "Sidorova, Elena"]
[Black "Skripova, T."]
[Result "1/2-1/2"]
[WhiteElo "2085"]
[BlackElo "2095"]

1.d4 Nf6 2.c4 e6 3.Nf3 d5 4.g3 Be7 5.Bg2 O-O 6.O-O c6 7.Qc2 Nbd7 8.b3 Ne4
9.Bb2 Qa5 10.a3 Bf6 11.Nbd2 Nxd2 12.Nxd2 e5 13.b4 Qd8 14.cxd5 cxd5 15.Bxd5 exd4
16.Be4 Ne5 17.Bxh7+ Kh8 18.Be4 Bg4 19.Nb3 Rc8 20.Qd1 d3 21.Bxd3 Nxd3 22.Bxf6 Qxf6
23.Qxd3 Rc3 24.Qd4 Bxe2 25.Qxf6 gxf6 26.Rfe1 Bg4 27.Nc5 b6 28.Ne4 Rc6 29.Rac1 Re6
30.Kg2 Rfe8 31.f3 Bh5 32.Kf2 Rd8 33.Red1 Rde8 34.Rd2 Bg6 35.Rc7 a5 36.bxa5 bxa5
37.Rc5 a4 38.Rc4 Bxe4 39.fxe4 Rxe4 40.Rxe4 Rxe4 41.Rd7 Kg7 42.Ra7 Rc4 43.Ke2 Rc2+
44.Kd3 Rxh2 45.Rxa4 f5 46.Ke3  1/2-1/2

[Event "Rilton Cup 96/97"]
[Site "Stockholm"]
[Date "1996.??.??"]
[Round "7"]
[White "Hellers, Ferdinand"]
[Black "Sjoberg, Mats"]
[Result "1-0"]
[WhiteElo "2585"]
[BlackElo "2430"]

1.Nf3 Nf6 2.c4 e6 3.g3 d5 4.d4 Be7 5.Bg2 O-O 6.O-O Na6 7.Nc3 dxc4 8.Ne5 c5
9.dxc5 Nxc5 10.Nxc4 a5 11.Qxd8 Rxd8 12.Bf4 Ne8 13.Nb5 Bd7 14.Nc7 Ra7 15.Nxe8 Bxe8
16.Rfd1 b5 17.Rxd8 Bxd8 18.Rd1 Be7 19.Nd6 Bxd6 20.Bxd6 Na4 21.Rc1 f6 22.b3 Ra6
23.Bb8  1-0

[Event "SUI-chT"]
[Site "SUI"]
[Date "1996.??.??"]
[Round "7"]
[White "Zueger, Beat"]
[Black "Franzoni, Giancarlo"]
[Result "1/2-1/2"]
[WhiteElo "2460"]
[BlackElo "2460"]

1.Nf3 Nf6 2.c4 e6 3.g3 d5 4.d4 Be7 5.Bg2 O-O 6.O-O dxc4 7.Qc2 a6 8.a4 Bd7
9.Qxc4 Bc6 10.Bg5 Bd5 11.Qd3 Be4 12.Qe3 Bxb1 13.Raxb1 Nd5 14.Bxe7 Qxe7 15.Qa3 Nc6
16.Qxe7 Ncxe7 17.Rfc1 Rac8 18.b4 c6 19.e3 Nb6 20.a5 Nbd5 21.Ne5 Rfd8 22.Nd3 Rb8
23.Nc5 Kf8 24.Rb3 Nf6 25.Bf3 Nd7 26.Kg2 Ke8 27.Rcb1 Nd5 28.R1b2 Nc7 29.Be2 Ke7
30.f4 Nb5 31.Nxd7 Kxd7 32.Rc2 Nc7 33.Bf3 Ke7 34.Rc5 Ne8 35.Kf2 Nf6 36.Ke2 Nd7
37.Rc1 Re8 38.Rd3 f5 39.g4 g6 40.Rd2 Nf6 41.h3 Red8 42.Rc5 h5 43.g5 Nd5 44.Bxd5  1/2-1/2

[Event "SWE-chT 9596"]
[Site "?"]
[Date "1996.??.??"]
[Round "?"]
[White "Bator, Robert"]
[Black "Lukez, Franko"]
[Result "1-0"]
[WhiteElo "2435"]
[BlackElo "2320"]

1.d4 Nf6 2.Nf3 e6 3.g3 d5 4.c4 Be7 5.Bg2 O-O 6.O-O dxc4 7.Qc2 a6 8.a4 Bd7
9.Rd1 Bc6 10.Nc3 Bb4 11.Bg5 Nbd7 12.e4 Bxc3 13.d5 exd5 14.exd5 Bxa4 15.Rxa4 b5
16.Ra2 Be5 17.Bh4 Qe7 18.b3 cxb3 19.Qxb3 b4 20.Nxe5 Qxe5 21.Qxb4 g5 22.Re1 Qf5
23.g4 Nxg4 24.Bg3 Nge5 25.Qc3 f6 26.Qxc7 g4 27.Qd6 Rae8 28.Rae2 a5 29.Qa3 Kh8
30.Qc3 Rb8 31.Be4 Nf3+ 32.Kh1 Qh5 33.Bxf3 gxf3 34.Re3 Rfe8 35.Rxe8+ Rxe8
36.Rxe8+ Qxe8 37.Qxf3 Qe1+ 38.Kg2 a4 39.Qf5 Qe7 40.d6 Qf7 41.Qa5 Qb3 42.Qd8+ Qg8
43.Qxd7 Qd5+ 44.f3 Qd2+ 45.Kh3 a3 46.Qe7 Qh6+ 47.Bh4  1-0

[Event "SWE-chT 9596"]
[Site "?"]
[Date "1996.??.??"]
[Round "?"]
[White "Akesson, Ralf"]
[Black "Lindberg, Bengt"]
[Result "1/2-1/2"]
[WhiteElo "2505"]
[BlackElo "2355"]

1.d4 Nf6 2.c4 e6 3.g3 d5 4.Bg2 Be7 5.Nf3 O-O 6.O-O dxc4 7.Qc2 a6 8.a4 Bd7
9.Qxc4 Bc6 10.Bg5 Bd5 11.Qd3 Be4 12.Qe3 Bc6 13.Nc3 Nbd7 14.Qd3 Bb4 15.Rfe1 h6
16.Bf4 Rc8 17.Qc2 b6 18.e4 Bb7 19.Rad1 Re8 20.Ne5 Nxe5 21.dxe5 Nd7 22.Re3 Qe7
23.Na2 Bc5 24.Red3 Nb8 25.a5 bxa5 26.Nc1 Bb6 27.Qd2 Bc6 28.Qc3 Bb5 29.R3d2 Nc6
30.h4 Red8 31.Bf1 Rxd2 32.Rxd2 Qb4 33.Qc2 Bxf1 34.Kxf1 Qb5+ 35.Kg2 Nxe5 36.Bxe5 Qxe5
37.Rd7 Rf8 38.Ne2 f5 39.exf5 Qxf5 40.Qxf5 Rxf5 41.Nf4 Rf6 42.h5 e5 43.Ng6 Rxf2+
44.Kh3 e4 45.Nf4 e3 46.Re7 Bc5 47.Rxc7 Rxf4 48.Rxc5 Re4 49.Rc1 Rb4 50.Rc2 Rb5
51.g4 Rb3 52.Kg2 a4 53.Kf3 a5 54.Rc5 a3 55.bxa3 Rxa3 56.g5 hxg5 57.Rxg5 Kh7
58.Rg6 Rb3 59.Rg5 a4 60.Ra5 a3 61.Ra6 Rb5 62.Rxa3  1/2-1/2

[Event "SWE-chT"]
[Site "Sweden"]
[Date "1996.??.??"]
[Round "?"]
[White "Bator, Robert"]
[Black "Schussler, Harry"]
[Result "1-0"]
[WhiteElo "2445"]
[BlackElo "2465"]

1.d4 Nf6 2.c4 e6 3.g3 d5 4.Bg2 Be7 5.Nf3 O-O 6.O-O dxc4 7.Qc2 a6 8.a4 Bd7
9.Rd1 Bc6 10.Nc3 Bxf3 11.Bxf3 Nc6 12.Bxc6 bxc6 13.Bg5 a5 14.Bxf6 Bxf6 15.Ne4 Rb8
16.Ra3 Be7 17.Rc3 Rb4 18.Rxc4 Rxc4 19.Qxc4 Qd5 20.Qc2 Rb8 21.e3 h5 22.h4 Bd6
23.Rc1 e5 24.dxe5 Qxe5 25.b3 g6 26.Nxd6 cxd6 27.Qxc6 Rxb3 28.Rd1 Qc5 29.Qxd6 Qxd6
30.Rxd6 Ra3 31.Rd4 Ra2 32.Kg2 f6 33.Kf3 Kf7 34.e4 Ke6 35.Ke3 Ra3+ 36.Kf4 Ra2
37.f3 Ra3 38.g4 hxg4 39.Kxg4 Ra1 40.Rc4 Rg1+ 41.Kf4 Rh1 42.Kg3 Rg1+ 43.Kf2 Rh1
44.Rc5 Rxh4 45.Rxa5 Rh1 46.Rb5 Ra1 47.a5 f5 48.Ke3 Ra4 49.Rb6+ Kf7 50.a6 fxe4
51.fxe4 g5 52.Kf3 Ke7 53.Rh6 Kf7 54.Rc6 Ke7 55.Rb6 Kf7 56.Rb7+ Ke6 57.Ra7 Kf6
58.Ra8 g4+ 59.Ke3 Kg7 60.a7  1-0

[Event "Tampere Elo Taraus op"]
[Site "Tampere"]
[Date "1996.??.??"]
[Round "6"]
[White "Karner, Hillar"]
[Black "Kokkila, Tero"]
[Result "1/2-1/2"]
[WhiteElo "2315"]
[BlackElo "2210"]

1.d4 e6 2.g3 Nf6 3.Bg2 d5 4.Nf3 Be7 5.c4 dxc4 6.Qa4+ Bd7 7.Qxc4 Bc6 8.Nc3 O-O
9.O-O a6 10.Qd3 b5 11.Bg5 Nbd7 12.Rfd1 b4 13.Nb1 Qc8 14.Rc1 Be4 15.Qd1 Bd6
16.Nbd2 Bd5 17.Nc4 Qb7 18.Qc2 Rfc8 19.Ne1 Bxg2 20.Nxg2 a5 21.b3 Bf8 22.Bxf6 Nxf6
23.Nf4 c5 24.dxc5 Bxc5 25.e3 Ne4 26.h4 Be7 27.Qe2 Nc3 28.Qf1 a4 29.Qg2 Qxg2+
30.Kxg2 Ra6 31.Nb2 axb3 32.axb3 Rca8 33.Rxa6 Rxa6 34.Nd1 Ne4 35.Nd3 Rd6 36.Rc8+ Bf8
37.N1b2 g5 38.hxg5 Kg7 39.Rc4 Nd2 40.Rxb4 Rd5 41.Rg4 Nxb3 42.Nf4 Rb5 43.Nbd3 Be7
44.Nh5+ Kf8 45.f4 h6 46.Nf6 hxg5 47.fxg5 Kg7 48.Ne4 Nc5 49.Ndxc5 Bxc5 50.Kf3 Be7
51.Rh4  1/2-1/2

[Event "Terrassa op"]
[Site "Terrassa"]
[Date "1996.??.??"]
[Round "3"]
[White "Nogueiras, Jesus"]
[Black "Dvorietzky, Mark I"]
[Result "1-0"]
[WhiteElo "2535"]
[BlackElo "2475"]

1.Nf3 d5 2.d4 Nf6 3.c4 e6 4.g3 Be7 5.Bg2 O-O 6.O-O dxc4 7.Qc2 a6 8.a4 Bd7
9.Qxc4 Bc6 10.Bg5 Nbd7 11.Nc3 Ne4 12.Bxe7 Qxe7 13.Nxe4 Bxe4 14.Qxc7 Rac8
15.Qf4 Nf6 16.Rfc1 Qb4 17.Qd2 Rxc1+ 18.Qxc1 h6 19.e3 Nd5 20.Ne5 Bxg2 21.Kxg2 Nb6
22.Qc3 Qd6 23.Qc5 Qxc5 24.dxc5 Nd5 25.Ra3 Rc8 26.Nd3 Kf8 27.Rb3 Rc7 28.Kf3 Ke8
29.h3 Kd8 30.e4 Nf6 31.Ke3 Nd7 32.Rc3 a5 33.f4 f6 34.h4 h5 35.Kd4 Nb8 36.Kc4 Nc6
37.Nc1 Kc8 38.Nb3 g5 39.hxg5 fxg5 40.Nd4 Nxd4 41.Kxd4 gxf4 42.gxf4 Rh7 43.Ke5 Rh6
44.Kd6 h4 45.Rh3 Kd8 46.e5 Kc8 47.c6  1-0

[Event "GRE-chT"]
[Site "Thessaloniki"]
[Date "1996.??.??"]
[Round "1"]
[White "Papaioannou, Ioannis"]
[Black "Gavrilakis, Nikolaos"]
[Result "1-0"]
[WhiteElo "2495"]
[BlackElo "2410"]

1.d4 d5 2.Nf3 Nf6 3.c4 e6 4.g3 Be7 5.Bg2 O-O 6.O-O dxc4 7.Qc2 a6 8.a4 Bd7
9.Qxc4 Bc6 10.Nc3 b5 11.Qd3 b4 12.Nb1 Be4 13.Qd1 c5 14.Nbd2 Bd5 15.dxc5 Bxc5
16.Nb3 Nbd7 17.Bf4 Rc8 18.Rc1 Be7 19.Qd3 Qb6 20.Ne5 Nxe5 21.Bxe5 Bxg2 22.Kxg2 Rfd8
23.Qf3 a5 24.Rfd1 Ne8 25.Rxc8 Rxc8 26.Rd7 Bf6 27.Bxf6 Nxf6 28.Qb7 Qxb7+ 29.Rxb7 h5
30.Nxa5 Rc2 31.Rxb4 Rxe2 32.h3 Nd5 33.Rb8+ Kh7 34.Nc4 Rc2 35.b3 Nc3 36.Ne3 Rb2
37.a5 Ra2 38.b4 Ne4 39.Nd1 f5 40.Ra8 Rd2 41.a6 Rxd1 42.a7 Ra1 43.b5  1-0

[Event "GRE-chT"]
[Site "Thessaloniki"]
[Date "1996.??.??"]
[Round "3"]
[White "Tantsis, Georgios"]
[Black "Michos, Thomas"]
[Result "1/2-1/2"]
[WhiteElo "2150"]
[BlackElo "2200"]

1.d4 d5 2.c4 e6 3.Nf3 Nf6 4.g3 Be7 5.Bg2 O-O 6.Qc2 c6 7.O-O b6 8.Nbd2 Bb7
9.e4 Nbd7 10.Rd1 Rc8 11.b3 Qc7 12.Bb2 Qb8 13.Ne5 Rfd8 14.Rac1 c5 15.Nxd7 Nxd7
16.exd5 exd5 17.cxd5 Nf6 18.Qf5 Bxd5 19.dxc5 Bxg2 20.Kxg2 Rd5 21.Qf3 Rdxc5
22.Rxc5 Rxc5 23.Ne4 Nxe4 24.Qxe4 Bf6 25.Bxf6 gxf6 26.h4 Qc8 27.Rd6 Kg7 28.Kh2 Qf5
29.Qxf5 Rxf5 30.Kg2 Ra5 31.a4 Rc5 32.Rd7 Rc3 33.b4 Rc4 34.Rxa7 Rxb4 35.a5 bxa5
36.Rxa5 Rb3 37.g4 Rc3 38.f3 Rb3 39.Kg3 Rb4 40.Rf5 Ra4  1/2-1/2

[Event "Tilburg Fontys"]
[Site "Tilburg"]
[Date "1996.??.??"]
[Round "6"]
[White "Piket, Jeroen"]
[Black "Almasi, Zoltan"]
[Result "1/2-1/2"]
[WhiteElo "2580"]
[BlackElo "2655"]

1.d4 Nf6 2.c4 e6 3.g3 d5 4.Nf3 Be7 5.Bg2 O-O 6.O-O dxc4 7.Qc2 a6 8.a4 Bd7
9.Rd1 Bc6 10.Bg5 Nbd7 11.Qxc4 Bd5 12.Qc2 Be4 13.Qc1 h6 14.Bxf6 Nxf6 15.Nc3 Bc6
16.Qc2 Bb4 17.Ne5 Bxg2 18.Kxg2 c5 19.dxc5 Qc7 20.Nd3 Qc6+ 21.f3 Bxc5 22.Nxc5 Qxc5
23.Qb3 Rab8 24.Rd3  1/2-1/2

[Event "Toscolano op"]
[Site "Toscolano"]
[Date "1996.??.??"]
[Round "5"]
[White "Luciani, Valerio"]
[Black "Magrin, Antonio"]
[Result "1/2-1/2"]
[WhiteElo "2180"]
[BlackElo "2070"]

1.d4 Nf6 2.c4 e6 3.g3 d5 4.Bg2 Be7 5.Nf3 Nbd7 6.b3 c6 7.O-O O-O 8.Nc3 Qa5
9.Bb2 Ba3 10.Bxa3 Qxa3 11.Qc2 Rd8 12.Rfd1 Qe7 13.Rac1 Rb8 14.e4 dxe4 15.Nxe4 Nxe4
16.Qxe4 Nf6 17.Qf4 Bd7 18.Ne5 Be8 19.c5 Rbc8 20.Nc4 Nd5 21.Bxd5 Rxd5 22.Nd6 Rd8
23.Re1 f6 24.b4 a6 25.a4 Qd7 26.b5 axb5 27.axb5 cxb5 28.Rb1 Bg6 29.Rb4 e5
30.Qe3 exd4 31.Rxd4 Rxd4 32.Qxd4 Bf7 33.Qe4 Qc6 34.Qe7 Rf8 35.Qxb7  1/2-1/2

[Event "Toscolano op"]
[Site "Toscolano"]
[Date "1996.??.??"]
[Round "5"]
[White "Kania, Andreas"]
[Black "Rossi, Giampiero"]
[Result "0-1"]
[WhiteElo "2275"]
[BlackElo "2105"]

1.c4 e6 2.g3 d5 3.d4 Nf6 4.Nf3 Be7 5.Bg2 Nbd7 6.Qc2 O-O 7.O-O c6 8.Rd1 b6
9.Nbd2 Bb7 10.b3 Rc8 11.e4 Qc7 12.Bb2 Rfd8 13.Rac1 Qb8 14.Re1 Nf8 15.Ne5 Ng6
16.Nxg6 hxg6 17.Qb1 Rd7 18.Rcd1 Bb4 19.f3 Rcd8 20.a3 Bf8 21.b4 dxe4 22.fxe4 c5
23.bxc5 Bxc5 24.dxc5 Rxd2 25.Rxd2 Rxd2 26.cxb6 Bxe4 27.Rxe4 Qxb6+ 28.c5 Qxc5+
29.Bd4 Rxd4 30.Rxd4 Qxd4+ 31.Kh1 Ng4 32.h3 Qd1+ 33.Qxd1 Nf2+ 34.Kg1 Nxd1
35.Bf3 Nc3 36.Kf2 Kf8 37.Ke3 Ke7 38.Kd4 Nb5+ 39.Kc5 Nxa3 40.Be4 a6 41.Bd3 Nb5
42.Kb6 Kd6 43.Kxa6 Nc7+ 44.Kb6 Nd5+ 45.Kb5 Ne3 46.Kb4 Kd5 47.Kc3 Nd1+ 48.Kc2 Nf2
49.Bf1 Kd4 50.h4 Ke3 51.Bb5 Ne4 52.Be8 Nd6 53.Bc6 Kf2 54.g4 Kg3 55.h5 g5  0-1

[Event "CRO-chT"]
[Site "Tucepi"]
[Date "1996.??.??"]
[Round "?"]
[White "Kurajica, Bojan"]
[Black "Zelic, Zdravko"]
[Result "1-0"]
[WhiteElo "2505"]
[BlackElo "2390"]

1.d4 Nf6 2.Nf3 e6 3.g3 d5 4.c4 Be7 5.Bg2 O-O 6.O-O dxc4 7.Qc2 a6 8.a4 Bd7
9.Qxc4 Bc6 10.Bg5 a5 11.Nc3 Na6 12.Bxf6 Bxf6 13.e4 Nb4 14.Rad1 b6 15.Rfe1 Bb7
16.Qb3 c6 17.h4 h6 18.Rd2 Qc7 19.Nh2 Rfd8 20.Red1 Be7 21.Ng4 Bf8 22.Ne3 Rd7
23.f4 Rad8 24.Kh2 Bd6 25.Ne2 Bf8 26.Nc4 Ba6 27.Nc3 Bxc4 28.Qxc4 Bd6 29.Qf1 Be7
30.e5 Bf8 31.h5 Be7 32.Be4 f5 33.Bg2 Rf8 34.Re1 Qd8 35.Qc4 Kf7 36.Red1 Rc7
37.g4 fxg4 38.Qe2 g3+ 39.Kxg3 Kg8 40.Qg4 Qd7 41.Bh3 Re8 42.Qxe6+ Qxe6 43.Bxe6+ Kf8
44.Kg4 Bd8 45.Bb3 Rd7 46.Kf5 Bc7 47.Ke4 Bb8 48.Rg2 Red8 49.Rg6 Ba7 50.Be6 Rc7
51.f5  1-0

[Event "CRO-chT2"]
[Site "Tucepi"]
[Date "1996.??.??"]
[Round "?"]
[White "Bilobrk, Franjo"]
[Black "Gazarek, Danko"]
[Result "1/2-1/2"]
[WhiteElo "2355"]
[BlackElo "2345"]

1.d4 Nf6 2.c4 e6 3.Nf3 d5 4.g3 Be7 5.Bg2 O-O 6.O-O dxc4 7.Qc2 a6 8.a4 Bd7
9.Qxc4 Bc6 10.Rd1 Bd5 11.Qc2 Be4 12.Qd2 Nc6 13.Nc3 Bb4 14.Ne1  1/2-1/2

[Event "CRO-chT"]
[Site "Tucepi"]
[Date "1996.??.??"]
[Round "?"]
[White "Bazaj Bockai, Snjezana"]
[Black "Svaljek, Radmila"]
[Result "1/2-1/2"]
[WhiteElo "2180"]
[BlackElo "2130"]

1.c4 e6 2.g3 Nf6 3.Bg2 d5 4.d4 Be7 5.Nf3 O-O 6.b3 Nc6 7.O-O a6 8.Bb2 Bd7
9.Nbd2 Rb8 10.Ne5 Be8 11.cxd5 Nxe5 12.dxe5 Nxd5 13.Nc4 Bb5 14.Qd4 Re8 15.Rad1 Nb4
16.Qg4 Qc8 17.a3 Bxc4 18.Qxc4 Nc6 19.b4 Na7 20.Rc1 c6 21.Rfd1 Qc7 22.Qd4 Ra8
23.Qe3 Nc8 24.Bd4 Rd8 25.Be4 Bf8 26.h4 Rd7 27.h5 Qd8 28.Rd3 h6 29.Rcd1 Qe8
30.Bc3 Rxd3 31.Bxd3 Ne7 32.Qe4 g6 33.hxg6 Nxg6 34.Qg4 Rd8 35.Kg2 Bg7 36.Rh1 c5
37.Bxg6 fxg6 38.bxc5 Qc6+ 39.f3 g5 40.Rb1 Rd5 41.Rb6 Qc8 42.Qxe6+ Qxe6 43.Rxe6 Rxc5
44.Bd4  1/2-1/2

[Event "Tuebingen-ch55"]
[Site "Tuebingen"]
[Date "1996.??.??"]
[Round "?"]
[White "Schmidt, Olaf"]
[Black "Khadempour, Farhad"]
[Result "0-1"]
[WhiteElo "2065"]
[BlackElo "2150"]

1.d4 Nf6 2.c4 e6 3.g3 d5 4.Nf3 Be7 5.Bg2 O-O 6.O-O b6 7.cxd5 exd5 8.Nc3 Bb7
9.Bf4 Nh5 10.Rc1 Nxf4 11.gxf4 Bd6 12.e3 c6 13.Ne5 Qh4 14.Ne2 Kh8 15.Ng3 g6
16.f5 f6 17.Qg4 Qh6 18.fxg6 fxe5 19.Nf5 Rxf5 20.Qxf5 Qxg6 21.Qxg6 hxg6 22.dxe5 Bxe5
23.f4 Bxb2 24.Rc2 Bf6 25.Bxd5 cxd5 26.Rc7 Bc6 27.Rc1 Bd7  0-1

[Event "Ubeda op"]
[Site "Ubeda"]
[Date "1996.??.??"]
[Round "?"]
[White "Baburin, Alexander"]
[Black "Wells, Peter K"]
[Result "1/2-1/2"]
[WhiteElo "2505"]
[BlackElo "2495"]

1.d4 d5 2.c4 e6 3.Nf3 Nf6 4.g3 Be7 5.Bg2 O-O 6.O-O dxc4 7.Qc2 a6 8.Qxc4 b5
9.Qc2 Bb7 10.Bg5 Nbd7 11.Bxf6 Nxf6 12.Nbd2 Rc8 13.Nb3 c5 14.dxc5 a5 15.a4 Be4
16.Qc3 b4 17.Qe3 Bd5 18.Rfc1 Nd7 19.Nfd2  1/2-1/2

[Event "Paks GM"]
[Site "Ungarn"]
[Date "1996.??.??"]
[Round "?"]
[White "Horvath, Csaba"]
[Black "Krizsany, Laszlo"]
[Result "1-0"]
[WhiteElo "2540"]
[BlackElo "2430"]

1.Nf3 d5 2.c4 e6 3.g3 Nf6 4.Bg2 Be7 5.d4 O-O 6.O-O Nbd7 7.Qc2 c6 8.b3 b6
9.Rd1 Bb7 10.Nc3 Rc8 11.e4 dxe4 12.Nxe4 Nxe4 13.Qxe4 Qc7 14.Bf4 Bd6 15.Bxd6 Qxd6
16.c5 Qc7 17.Rac1 Rfd8 18.Qe1 Ba6 19.a4 Rb8 20.b4 bxc5 21.dxc5 Nf6 22.Qe5 Rxd1+
23.Rxd1 Qc8 24.Nd4 Rxb4 25.Nxc6 Rb7 26.Qd6 Qf8 27.Ne5 Qxd6 28.cxd6 Rb8 29.Nc6  1-0

[Event "Carl Schlechter mem"]
[Site "Vienna"]
[Date "1996.??.??"]
[Round "2"]
[White "Spindelboeck, Gernot"]
[Black "Prager, Manfred"]
[Result "1/2-1/2"]
[WhiteElo "2260"]
[BlackElo "2165"]

1.Nf3 d5 2.d4 Nf6 3.c4 e6 4.g3 Be7 5.Bg2 O-O 6.O-O c6 7.Qc2 Nbd7 8.b3 Re8
9.Bb2 Ne4 10.Nfd2 Nxd2 11.Nxd2 Nf6 12.Rad1 Bf8 13.Rfe1 b6 14.e4 Bb7 15.e5 Nd7
16.cxd5 cxd5 17.Qd3 Rc8 18.f4 Nb8 19.f5 Ba6 20.Qb1 Qg5 21.fxe6 fxe6 22.a3 Nc6
23.Nf3 Qh5 24.b4 Be7 25.Bf1 Bxf1  1/2-1/2

[Event "Vienna op"]
[Site "Vienna"]
[Date "1996.??.??"]
[Round "3"]
[White "Kengis, Edvins"]
[Black "Polak, Tomas"]
[Result "1-0"]
[WhiteElo "2560"]
[BlackElo "2445"]

1.d4 Nf6 2.Nf3 e6 3.g3 d5 4.c4 Be7 5.Bg2 O-O 6.O-O c6 7.Qc2 Nbd7 8.Rd1 b6
9.Bf4 Bb7 10.Ne5 Rc8 11.Nc3 Nh5 12.Bd2 Nhf6 13.e4 dxc4 14.Nxc4 b5 15.Ne3 Qb6
16.e5 Nd5 17.Qe4 Ba8 18.Qg4 Nxc3 19.Bxc3 b4 20.Bd2 Rfd8 21.Nc4 Qb5 22.Bh6 g6
23.Rac1 Nb6 24.Nd6 Bxd6 25.exd6 Qf5 26.Qh4 Rxd6 27.g4 g5 28.Bxg5 Qg6 29.Be7 Rd7
30.Bxb4 Rcd8 31.h3 Nd5 32.Bd2 e5 33.Re1 Nf4 34.Bxf4 exf4 35.Be4 Qg7 36.Rc5 h6
37.Rh5 Rxd4 38.Rxh6 Rd1 39.Bh7+ Kf8 40.Qe7+  1-0